LEADER 01294nam a2200265 a 4500 001 000000162057 003 CaOOAMICUS 005 20170719091556.0 008 170719s1985 it m 001 u eng r 032 $aLibriCat 040 $aPUL$bita 100 1 $aMansini, Guy,$cO.S.B.$0(OLS)http://pul/name/14935 245 11$a"What is dogma?" :$bThe meaning and truth of dogma in Edouard Le Roy and his scholastic opponents /$cauctore Guy Mansini, OSB. 260 $aRoma :$bPontificia Università Gregoriana,$c1985. 300 $aX, 400 p. ;$c24 cm. 502 $aTesi -- Pontificia Universitas Gregoriana. Facultas theologiae. 1985. 504 $aBibliografia in nota. 600 14$aLe Roy, Edouard,$d1870-1954.$0(OLS)http://pul/subject/7720 710 2 $aPontificia Università Gregoriana.$bFacoltà di teologia.$kTesi.$0(OLS)http://pul/name/81592 850 $aPUL 852 $aPUL$W1$xDP1 Tesi Pon. Univ. Gregoriana$y40$mTH PUG 3288$j186040$qTesi$B189261$CPULBib$Z2$F189261 $H54993 $82 941 1 $a16 996 $6245$a"What is dogma?" :$bThe meaning and truth of dogma in Edouard Le Roy and his scholastic opponents$9(OLS)http://pul/title/201822 996 $6260$aRoma :$bPontificia Università Gregoriana$9(OLS)http://pul/publisher/47853 LEADER 01172nam a2200277 i 4500 001 000000105648 003 CaOOAMICUS 005 20070614095818.0 008 070614s1981 it 001 u lat c 040 $aPUG$bita$dPUL$dES 100 1 $aValla, Lorenzo,$d1406-1457.$0(OLS)http://pul/name/4899 245 10$aLaurentii Valle Antidotum in Facium /$cEdidit Mariangela Regoliosi. 260 $aPatavii :$bin aedibus Antenoreis,$c1981. 300 $acxc, 422 p. ;$c21 cm 490 1 $aThesaurus mundi ;$v20 500 $aIndici p. 401-422 504 $aContiene riferimenti bilbiografici 700 1 $aRegoliosi, Mariangela.$0(OLS)http://pul/name/62544 740 0 $aAntidotum in Facium. 830 0$aThesaurus mundi ;$v20.$0(OLS)http://pul/title/7690 850 $aPUL 852 $aPUL$W1$xSL Cons. Gen., Altre Classi 1$y1$m2000 B 20$j118395$qStampati$B118297$CPULBib$Z2$F118297 $H49753 $82 941 1 $a8 996 $6740$aAntidotum in Facium$9(OLS)http://pul/title/132984 996 $6245$aLaurentii Valle Antidotum in Facium$9(OLS)http://pul/title/132982 996 $6260$aPatavii :$bin aedibus Antenoreis$9(OLS)http://pul/publisher/79241